即日改称市 - Statistics

General Stats
  • This quiz has been taken 271 times
    35 since last reset
  • The average score is 13 of 16
Answer Stats
都道府県 改称前 改称後 % Correct
北海道 広島市 北広島市
100%
東京都 大和市 東大和市
100%
東京都 久留米市 東久留米市
100%
東京都 村山市 武蔵村山市
100%
京都府 長岡市 長岡京市
100%
京都府 田辺市 京田辺市
100%
大阪府 佐野市 泉佐野市
100%
大阪府 狭山市 大阪狭山市
100%
福岡県 大野市 大野城市
100%
茨城県 茨城市 北茨城市
97%
埼玉県 忍市 行田市
62%
大阪府 南大阪市 羽曳野市
62%
東京都 秋多市 秋川市 (現 あきる野市)
55%
福岡県 福島市 八女市
48%
大阪府 美陵市 藤井寺市
41%
大阪府 三島市 摂津市
34%
No matching quizzes found
Score Distribution
Percent of People with Each Score
Percentile by Number Answered
Your Score History
You have not taken this quiz since the last reset